000 00835nas a2200265 4500
001 BR0800110
003 BR-BrBNA
005 20231205111435.0
007 ta
008 230509b bl.|||p| |||| 00| 00por d
040 _aBR-BrBNA
_bpor
_cBiblioteca Nacional de Agricultura
041 _a(Pt)
072 _aH20
100 1 _aMalavolta Junior, V.A.
100 1 _aOliveira, M.A.R. de
100 1 _aAlmeida, I.M.G. de
245 1 _aEstria bacteriana do painço causada por Acidovorax Avenae Subsp. Avenae
_bComunicação Científica
650 _aDOENÇA DE PLANTA
650 _aPAINÇO
650 _aBACTÉRIA
650 _aANTÍGENO
773 0 _tArquivos do Instituto Biológico (Brazil)
_xISSN 0020-3653
_g(Jul-Dec 1998), v. 65(2) p. 127-129
_wBR0800110
909 _a202311
_bLúcia
_c55
_dLúcia Elande
942 _2AGRIS
_n0
_cANA
999 _c192743
_d192743